Tall Famous People - Statistics

General Stats
  • This quiz has been taken 35 times
  • The average score is 13 of 26
Answer Stats
Height Description Answer % Correct
6'4" US President during the Civil War Abraham Lincoln
88%
6'5" Al-Qaeda leader who conspired the September 11th attacks Osama bin Laden
88%
6'4" Perhaps the most famous & notorious pirate of them all Blackbeard
84%
6'4" Russian mystic with royal connections Grigori Rasputin
81%
6'4" Red-haired comedian and late-night host Conan O'Brien
75%
6'4" President who escalated the Vietnam War Lyndon B. Johnson
75%
6'4" Drag queen who hosts their own competition show RuPaul
72%
6'7" Scottish fighter for independence; "Braveheart" William Wallace
72%
6'5" President of France from 1959 to 1969 Charles de Gaulle
69%
6'6" Author of "Charlie and the Chocolate Factory" and "Matilda" Roald Dahl
69%
6'4" Smooth-talking, weed-smoking rapper from the West Coast Snoop Dogg
66%
6'4" "Kiss from a Rose" Seal
63%
6'9" Author of "Jurassic Park" and creator of "ER" Michael Crichton
56%
6'6" One half of a magic duo with his shorter, silent friend Penn Jillette
56%
6'8" Absolute monarch who was the Tsar and later first emperor of Russia Peter the Great
44%
6'8" Singer of "This Is How We Do It" Montell Jordan
38%
6'7" British comedian who co-created "The Office" with Ricky Gervais Stephen Merchant
28%
6'8" FBI director from 2013 to 2017 who was terminated by Trump James Comey
25%
6'7" British economist who influenced a titular school of thought John Maynard Keynes
25%
6'6" Prominent Russian composer & pianist of the early 20th century Sergei Rachmaninoff
22%
6'5" Canadian twins that fix homes on reality TV Property Brothers
19%
6'6" Stand-up comedian known for his "Inside" special Bo Burnham
13%
6'9" Serial killer with an IQ of 145 who murdered family and young women Ed Kemper
13%
6'8" Lead singer of Type O Negative with a menacing appearence Peter Steele
6%
6'9" 20th century economist prevalent within the Democratic party, notably WW2 John Kenneth Galbraith
3%
6'8" Comedy rapper with both trap and old music influence Yung Gravy
3%
No matching quizzes found
Score Distribution
Percent of People with Each Score
Percentile by Number Answered
Your Score History
You have not taken this quiz